00452nam a2200145Ia 450000500170000000800410001702000180005808200170007610000140009324500320010726000270013930000140016650000960018065000300027620250728154343.0250728s9999 xx 000 0 und d a9780745327815 a951.056bGAO aGao, Mobo 4aThe Battle for China's Past bPluto Press (UK)c2008 a292 pages aA controversial polemic countering modern revisionist narratives demonising the Mao regime. aBiography & Autobiography